Statistics for 100 Biggest US Cities in 1900

Click here to take the quiz!

General Stats

  • This quiz has been taken 44,408 times
    (44,404 since last reset)
  • The average score is 38 of 100

Answer Stats

PopulationCity% Correct
3,437,202New York
100%
102,479Los Angeles
95%
1,698,575Chicago
94%
560,892Boston
93%
1,293,697Philadelphia
89%
342,782San Francisco
89%
42,638Dallas
87%
44,633Houston
86%
278,718Washington, DC
84%
285,704Detroit
83%
89,872Atlanta
82%
80,671Seattle
82%
287,104New Orleans
78%
50,145Portland, ME
73%
90,426Portland, OR
73%
133,859Denver
72%
321,616Pittsburgh
72%
575,238St Louis
71%
508,957Baltimore
70%
381,768Cleveland
70%
202,718Minneapolis
67%
80,865Nashville
67%
169,164Indianapolis
66%
51,418Kansas City, KS
66%
163,752Kansas City, MO
66%
325,902Cincinnati
64%
352,387Buffalo
63%
102,320Memphis
63%
125,560Columbus
62%
53,321San Antonio
61%
94,151Albany
58%
85,050Richmond
58%
55,807Charleston
54%
285,315Milwaukee
54%
53,531Salt Lake City
50%
175,597Providence
49%
62,059Springfield, MA
48%
204,731Louisville
47%
38,415Birmingham
46%
163,065St Paul
45%
79,850Hartford
44%
246,070Newark
43%
38,307Little Rock
40%
62,139Des Moines
39%
102,555Omaha
39%
162,608Rochester
37%
73,307Trenton
37%
54,244Savannah
36%
50,167Harrisburg
32%
108,374Syracuse
32%
39,441Augusta
30%
131,822Toledo
30%
40,169Lincoln
29%
206,433Jersey City
28%
38,469Mobile
27%
66,960Oakland
27%
42,728Akron
26%
108,027New Haven
26%
85,333Dayton
24%
87,565Grand Rapids
22%
46,624Norfolk
22%
52,733Erie
20%
56,987Manchester
20%
76,508Wilmington
20%
102,026Scranton
19%
118,421Worcester
17%
45,115Ft Wayne
16%
47,931Yonkers
16%
70,996Bridgeport
15%
91,886Cambridge
13%
52,969Duluth
13%
56,383Utica
11%
44,885Youngstown
10%
75,935Camden
9%
56,100Peoria
9%
94,969Lowell
8%
41,459Lancaster
7%
105,171Paterson
7%
78,961Reading
7%
51,721Wilkes-Barre
7%
39,647Binghamton
6%
52,130Elizabeth
6%
59,007Evansville
6%
59,364Hoboken
6%
60,651Troy
6%
38,973Altoona
5%
62,442New Bedford
5%
38,878Wheeling
5%
104,863Fall River
4%
62,559Lawrence
4%
129,896Allegheny
3%
68,513Lynn
3%
39,231Pawtucket
3%
42,345Saginaw
3%
102,979St Joseph
3%
45,859Waterbury
3%
40,063Brockton
2%
42,938Covington
2%
45,712Holyoke
2%
61,643Somerville
2%

Score Distribution

Percentile by Number Answered

Percent of People with Each Score

Your Score History

You have not taken this quiz since the last reset